Pravidlo zdravého rozumu

Rozhovor s P. Parízekom o poistení exportu v Exportní garantní pojišťovací společnosti, a.s. (EGAP). Podpora vývozu a vývozcov v ČR. Poistenie produktov poisťovacej spoločnosti.

Salvato in:
Dettagli Bibliografici
Autore principale: Parízek, P.
Altri autori: Klvačová, Eva
Natura: Capitolo di libro
Lingua:ceco
Soggetti:
Tags: Aggiungi Tag
Nessun Tag, puoi essere il primo ad aggiungerne!!

MARC

LEADER 00000naa a2200000 4500
001 r026174
005 20230920093628.7
041 0 |a cze 
044 |a CZ 
245 1 0 |a Pravidlo zdravého rozumu  |c P. Parízek, Eva Klvačová 
520 |a Rozhovor s P. Parízekom o poistení exportu v Exportní garantní pojišťovací společnosti, a.s. (EGAP). Podpora vývozu a vývozcov v ČR. Poistenie produktov poisťovacej spoločnosti. 
610 2 0 |a Exportní garantní pojišťovací společnost, a.s. Praha 
610 2 0 |a EGAP, a.s. Praha 
610 2 0 |a Česko 
610 2 0 |a podpora vývozu 
610 2 0 |a úver zahraničný 
610 2 0 |a poistenie úverové 
610 2 0 |a poistenie 
610 2 0 |a vývoz 
100 1 |a Parízek, P. 
700 1 |a Klvačová, Eva